LEADER 00603nam 2200169z- 450 001 9910693735303321 035 $a(CKB)4970000000037264 035 $a(EXLCZ)994970000000037264 100 $a20240129c2003uuuu -u- - 101 0 $aeng 200 10$aIntercity passenger rail : issues for consideration in developing an intercity passenger rail policy 210 $aWashington, D.C 517 $aIntercity Passenger Rail 906 $aDOCUMENT 912 $a9910693735303321 996 $aIntercity passenger rail : issues for consideration in developing an intercity passenger rail policy$93873752 997 $aUNINA